000 00276nam a22001337a 4500
008 181006b xxu||||| |||| 00| 0 eng d
020 _a9780071779777
041 _aeng
080 _a531
100 _a43
101 _aFIZ
245 _aPhysics
_cBeiser, A
942 _2udc
_cBK
999 _c48935
_d48935